Crop insurance in rubber plantations (Record no. 74465)

MARC details
000 -LEADER
fixed length control field 00358nam a2200133Ia 4500
100 ## - MAIN ENTRY--AUTHOR NAME
Personal name Ramakrishnan, A.
245 #0 - TITLE STATEMENT
Title Crop insurance in rubber plantations
260 ## - PUBLICATION, DISTRIBUTION, ETC. (IMPRINT)
Name of publisher Kerala Agricultural University
Place of publication Thrissur
Year of publication 1991
300 ## - PHYSICAL DESCRIPTION
Number of Pages 33
500 ## - GENERAL NOTE
General note Course: PGDNRP
700 ## - ADDED ENTRY--PERSONAL NAME
Personal name Dr V Haridasan
942 ## - ADDED ENTRY ELEMENTS (KOHA)
Koha item type Theses
Holdings
Withdrawn status Lost status Damaged status Not for loan Collection code Home library Current library Shelving location Date acquired Koha item type
      Theses Dissertation RRII Library RRII Library Economics 31/12/2021 Theses